Chinese Cities by Any Syllable Quiz Stats

 Plays Quiz Updated Sep 14, 2018

Also try: Provinces of China
Challenge
Share
Tweet
Embed
Score 0/100 Timer 04:00
3 Plays Today
# City % Correct
2Beijing
95.7%
77Jixi
91.3%
24Changsha
89.6%
45Anshan
89%
47Qiqihar (Qiqihaer)
87.7%
18Jinan
87.5%
11Xi'an
87.2%
41Jilin
86.5%
14Harbin (Haerbin)
85.5%
66Jining
85.5%
30Wuxi
84.9%
1Shanghai
83.7%
72Xining
83.4%
85Jinzhou
82.8%
32Urumqi (Wulumuqi)
82.5%
71Benxi
82.4%
68Pingdingshan
79.9%
52Taizhou
79.9%
83Jingzhou
79.8%
10Foshan
79.5%
39Changzhou
79.1%
62Tai'an
78.8%
25Fuzhou
78.6%
3Guangzhou
78.5%
36Tangshan
78.5%
16Shantou
78.3%
87Anyang
78.2%
42Zhongshan
78.1%
70Yangzhou
77.9%
31Suzhou
77.3%
75Zhuzhou
77.3%
13Nanjing
77.2%
44Xuzhou
77%
28Lanzhou
76.9%
# City % Correct
15Hangzhou
76.2%
4Tianjin
75.5%
37Wenzhou
75.5%
90Quanzhou
75%
23Zhengzhou
75%
59Liuzhou
75%
56Huizhou
74.9%
97Nanyang
74.8%
34Nanchang
74.1%
49Yantai
72.8%
5Wuhan
72.1%
74Huai'an
72%
35Nanning
70.5%
63Yancheng
70.2%
57Zhuhai
69.4%
55Huainan
68.1%
61Hohhot (Huhehaote)
68%
92Fuyang
67.2%
8Shenyang
66.9%
69Yichang
66%
60Haikou
65.6%
95Yiyang
65.5%
12Dongguan
63.2%
79Xianyang
62.8%
53Linyi
61.5%
91Changde
61.2%
78Handan
60.7%
29Guiyang
60.2%
19Changchun
59.6%
54Daqing
59.3%
6Shenzhen
59%
50Luoyang
57.4%
99Shaoguan
57.2%
82Hengyang
56.9%
# City % Correct
84Mianyang
56.9%
73Yueyang
56.7%
80Yichun
56.3%
22Taiyuan
56%
88Guilin
55.9%
17Dalian
55.2%
58Datong
55.2%
89Zhenjiang
53.3%
40Xiamen
51.6%
26Shijiazhuang
51.5%
93Qinhuangdao
48.6%
9Chengdu
48.2%
81Zhangjiakou
48.2%
7Chongqing
48.1%
46Fushun
47%
33Ningbo
46.9%
27Zibo
45.7%
20Qingdao
44.1%
67Jiangmen
41.9%
94Xiangtan
41.6%
76Zhanjiang
39.1%
43Baotou
38.1%
64Baoding
37.3%
38Hefei
35.4%
100Chifeng
34.1%
86Xinxiang
32.7%
98Neijiang
31.8%
51Xiangfan
29.2%
21Kunming
25.2%
48Weifang
14.8%
65Zaozhuang
12.6%
96Bengbu
11.1%

You're not logged in!

Compare scores with friends on all Sporcle quizzes.
Join for Free
OR
Log In

You Might Also Like...

Show Comments

Extras

Top Quizzes Today


Score Distribution

Your Account Isn't Verified!

In order to create a playlist on Sporcle, you need to verify the email address you used during registration. Go to your Sporcle Settings to finish the process.

Report this User

Report this user for behavior that violates our Community Guidelines.

Details: